000 00958nam a2200289 a 4500
001 72631
003 BD-RjUL
005 20211209082305.0
008 170522s1975 enka b 000 0 eng d
020 _a0713124814 :
_c£2.80.
_a0713124822
035 _a(BD-RjUL)72849
040 _aDLC
_cDLC
_dDLC
_dBD-RjUL
_beng
041 _aeng
082 0 0 _a581.7
_223
_bJAE 1975
100 1 _aJanzen, Daniel H.
_9214832
245 1 0 _aEcology of Plants in the Tropics /
_cDaniel H. Janzen.
260 _aLondon :
_bEdward Arnold,
_c1975.
300 _av, 66 p. :
_bill. ;
_c23 cm.
490 1 _aThe Institute of Biology's Studies in biology ;
_v no. 58
504 _aBibliography: p. [64]-66.
650 0 _aPlant ecology
_zTropics.
_9214833
650 0 _aTropical plants
_xEcology.
_9214834
650 0 _aAngiosperms
_xEcology
_zTropics.
_9214835
830 0 _aInstitute of Biology's studies in biology ;
_vno. 58.
_9215967
942 _2ddc
_cBK
999 _c72631
_d72631